00531nam a2200205Ia 450000500170000000800410001702000230005804000190008104100120010008200150011210000170012724500400014426000450018430000100022950400190023963000160025865000260027465100150030085000100031520221028114357.0131103s9999 xx 000 0 und d a8171694780cRs 375 aLoreto College aEnglish a158.3bSHA aSharma, A.S. aCounselling psychologycA.S. Sharma aNew DelhibCommonwealth Publishersc2008 a218p  aIncludes index aCounselling aCounselling Pychology aPsychology aLCLIB